Gaming Quiz

Random Gaming or Mario Quiz

The Ultimate Super Mario Strikers Quiz Stats

 Plays Quiz not verified by Sporcle

Score 0/64 Timer 08:00
0 Plays Today
Hint Fact % Correct
CharactersMario
96.9%
CharactersLuigi
95.3%
CharactersPeach
89.1%
CharactersWario
87.5%
CharactersWaluigi
85.9%
CharactersDaisy
84.4%
CharactersDonkey Kong
82.8%
CharactersYoshi
79.7%
CharactersSuper Team
56.3%
ItemsMushroom
56.3%
ItemsStar
56.3%
ItemsNormal Red Shells
54.7%
SidekicksHammer Bros
53.1%
ItemsNormal Green Shells
53.1%
GoalkeepersKritter
50%
ItemsBanana Peels
50%
CupsMushroom Cup
50%
CupsFlower Cup
50%
CupsStar Cup
50%
DifficultiesSuperstar
48.4%
DifficultiesLegend
48.4%
CupsBowser Cup
46.9%
DifficultiesRookie
46.9%
SidekicksToads
45.3%
DifficultiesProfessional
42.2%
StadiumsBowser Stadium
40.6%
SidekicksKoopas
40.6%
SidekicksBirdos
40.6%
ItemsChain Chomp
40.6%
StadiumsThe Palace
39.1%
ItemsNormal Blue Shells
39.1%
CupsSuper Mushroom Cup
39.1%
Hint Fact % Correct
CupsSuper Flower Cup
39.1%
CupsSuper Bowser Cup
39.1%
StadiumsPipeline Central
35.9%
StadiumsThe Underground
35.9%
CupsSuper Star Cup
35.9%
StadiumsCrater Field
34.4%
ItemsGiant Red Shell
34.4%
ItemsGiant Green Shell
32.8%
ItemsGiant Blue Shell
31.3%
ItemsBob-ombs
31.3%
Game ModesGrudge Match
31.3%
StadiumsKonga Coliseum
29.7%
Game ModesCup Battle
28.1%
GoalkeepersRobo-Kritter
26.6%
Game ModesStrikers 101
25%
StadiumsThe Battle Dome
23.4%
ItemsGiant Bob-omb
23.4%
Game ModesSuper Cup Battle
23.4%
ItemsNormal Spiny Shells
20.3%
ItemsGiant Spiny Shell
20.3%
Game ModesSpoils
18.8%
TrophiesVeteran
18.8%
CheatsWeak Goalies
18.8%
CheatsField Tilt
18.8%
Game ModesCustom Battle
17.2%
CheatsInfinite Power Ups
15.6%
TrophiesSniper
14.1%
TrophiesSuper Striker
14.1%
TrophiesTactician
12.5%
CheatsCustom Power Ups
12.5%
CheatsPerfect Strike
12.5%
TrophiesParamedic
10.9%

You're not logged in!

Compare scores with friends on all Sporcle quizzes.
OR
Log In

You Might Also Like...

Show Comments

Extras

Created Feb 11, 2013ReportNominate
Tags:Mario Quiz, striker, ultimate

Top Quizzes Today


Score Distribution

Your Account Isn't Verified!

In order to create a playlist on Sporcle, you need to verify the email address you used during registration. Go to your Sporcle Settings to finish the process.

Report this User

Report this user for behavior that violates our Community Guidelines.

Details: